=LDR 00000nam 2200000 4500 =001 INLIS000000000057109 =005 20201202083937 =035 ##$$a 0010-1220000010 =007 ta =008 201202###########################0###### =082 ##$$a 754.509 598 53 =084 ##$$a 754.509 598 53 Ind n =245 ##$$a Nusa Tenggara Barat Dalam Industri Kecil / Kerajinan /$c Kantor Wilayah Departemen Perindustrian Propinsi Nusa Tenggara Barat =300 ##$: $b ilus ; $c 21 cm =600 #4$$a Industri Kerajinan - NTB =264 ##$$a Mataram :$b Kantor Wilayah Departemen Perindustrian Propinsi Nusa Tenggara Barat,$c 1994 =336 ##$$a Teks$2 rdacontent =337 ##$$a Buku$2 rdamedia =338 ##$$a lain-lain$2 rdacarrier =990 ##$$a 00650065 =990 ##$$a 84/24/1995